Japan Prefectures Bigger Than Their Neighbours - Statistics

General Stats
  • This quiz has been taken 12 times
  • The average score is 6 of 8
Answer Stats
km2 Prefecture % Correct
9,187 Kagoshima
89%
13,562 Nagano
89%
13,784 Fukushima
78%
15,275 Iwate
78%
7,104 Kōchi
78%
8,480 Hiroshima
67%
8,401 Hyōgo
67%
4,131 Nagasaki
33%
No matching quizzes found
Score Distribution
Percent of People with Each Score
Percentile by Number Answered
Your Score History
You have not taken this quiz